| 000 | 00676nam a2200205 a 4500 | ||
|---|---|---|---|
| 005 | 20191224042341.0 | ||
| 008 | 171127b2008 ck ado|fr|||| 00| 0 eng d | ||
| 040 |
_aCO-BoIAVH _cCO-BoIAVH |
||
| 041 | 0 | _aeng | |
| 044 | _ack | ||
| 082 |
_a547.61 _bI59a |
||
| 110 | 2 | _aANH, Agencia Nacional de Hidrocarburos | |
| 245 | _aInstituional information booklet | ||
| 260 |
_aBogotá (Colombia) : _bANH , _c2008. |
||
| 300 |
_a17 páginas. _bilustraciones, gráficas y fotografías a color. _c 22 x 24 cm |
||
| 650 | 2 | 6 |
_aMinisterio de minas y energía _zColombia |
| 650 | 0 | _aCarbón | |
| 710 | _aMinisterio de minas y energía | ||
| 942 |
_2ddc _cLIBRO |
||
| 999 |
_c20002 _d20002 |
||